LEADER 01547nam a2200277 i 4500 001 000000045604 003 CaOOAMICUS 005 20150918000000.0 008 150918s1990 it u000 u ita u 013 $a16774 040 $aSeMil$bita 245 10$aAlcide De Gasperi e l'età del centrismo, 1947-1953 :$batti del convegno di studio organizzato dal Dipartimento Cultura Scuola e Formazione della Direzione Nazionale della Dc, Lucca, 4-6 marzo 1982 /$ca cura di Giuseppe Rossini. 260 $aRoma :$bCinque Lune,$ccopyr. 1990. 300 $a526 p., [8] p. di tav. :$bill. ;$c26 cm. 490 0 $aFormazione politica ;$v4 500 $aContiene : Nota bibliografica di aggiornamento. - Fondo Conti. 600 14$aDe Gasperi, Alcide <1881-1954>.$0(OLS)http://semarc/subject/3987 650 4$aItalia - Storia - Sec. 20.$0(OLS)http://semarc/subject/254 700 1 $aRossini, Giuseppe,$d<1923- >.$0(OLS)http://semarc/name/3769 700 1 $aDe Gasperi, Alcide,$d<1881-1954>.$0(OLS)http://semarc/name/1889 830 0$aFormazione politica ;$v4.$0(OLS)http://semarc/title/44118 850 $aSeMil 852 $aSeMil$W1$xVenegono$y1$m3N VI 51$j11759$B11759$CSeMilBibl$Z2$F11759 $81 961 $aOmaggio: Conti Franco 996 $6245$aAlcide De Gasperi e l'età del centrismo, 1947-1953 :$batti del convegno di studio organizzato dal Dipartimento Cultura Scuola e Formazione della Direzione Nazionale della Dc, Lucca, 4-6 marzo 1982$9(OLS)http://semarc/title/67860 996 $6260$aRoma :$bCinque Lune$9(OLS)http://semarc/publisher/31289 LEADER 01143nam a2200229 i 4500 001 000000227560 003 CaOOAMICUS 005 20140228000000.0 008 140228s1969 xx u000 u ger u 013 $a206462 040 $aSeMil$bita 245 10$a[2] /$cMit einem Nachruf von Rudolf Smend und der von Hermann Schultz zusammengestellten Bibliographie. 300 $a217 p. 490 0 $aTheologische Bücherei : Neudrucke und Berichte aus dem 20. Jahrhundert ;$vBand39. Altes Testament 650 4$aBibbia. Antico Testamento - Commentari, studi, critica, interpretazioni.$0(OLS)http://semarc/subject/2 700 1 $aSchultz, Hermann.$0(OLS)http://semarc/name/78826 700 1 $aSmend, Rudolf,$d<1851-1913>.$0(OLS)http://semarc/name/2428 773 0 $aNoth, Martin <1902-1968>$tGesammelte Studien zum Alten Testament.$dMünchen : Chr. Kaiser, 1966.$kTheologische Bücherei$w()29504 830 0$aTheologische Bücherei ;$vBand39. Altes Testament.$0(OLS)http://semarc/title/322 850 $aSeMil 852 $aSeMil$W1$xVenegono$y1$m2Y I 243$j177906$B177906$CSeMilBibl$Z2$F188782 $81 996 $6245$a[2]$9(OLS)http://semarc/title/125956